00454nam a2200181Ia 4500008004100000020001800041050001400059100002000073245003200093245005300125260001500178260001600193260000900209300001400218300002200232300001000254500000800264170918s9999 xx 000 0 und d a9780590471147 bA113 1991 aAarderma, Verna aBorreguita and the Cayote / cby Verna Aardema ; illustrated by Petra Mathers. aNew York : bScholastic, c1991 aunpaged : bchiefly colored ; c21cm. a560